000 00462nam a2200181Ia 4500
001 13291
005 20260306164750.0
008 260306t2013||||xx |||||||||||||| ||spa||
041 _aESP
082 _a001.42
_bL65
100 _aLindsay, David
_eAUT
245 0 _aGuía de redacción científica:
_bde la investigación a las palabras
260 _c2013
300 _a206 páginas :
_c23 cm.
650 _aGEN
654 _aCHU
942 _cLIB
_dJUS
_fJUS
_2ddc
_n
999 _c13291
_d13291